000 00812nam a22002777a 4500
001 BR9300421
003 BR-BrBNA
005 20230928093817.0
007 ta
008 230509b bl.||||| |||| 00| 0 por d
040 _aBR-BrBNA
_bpor
_cBiblioteca Nacional de Agricultura
041 _a(Por)
072 _aL01
_b7110
090 _ 7110 BR9300421
100 1 _aGoncalves, L.S.
110 1 _aEscola Superior de Agricultura Luis de Queiroz, Piracicaba, SP (Brasil)
_94375
111 1 _a3. Congresso Brasileiro de Apicultura
_cPiracicaba, SP (Brazil)
_d5-7 Sep 1974
245 1 _aA abelha, simbolo do bem estar
260 3 _aPiracicaba, SP (Brasil):
_c1975.
300 _a16 p.
500 _a19 ref.
650 _aAbelha
650 _aApicultura
909 _a202309
_bLucia
_c55
_dLucia Elande
942 _cBK
999 _c47244
_d47244